ბათუმის შოთა რუსთაველის სახელმწიფო უნივერსიტეტის ბიბლიოთეკა

Лекции по вариационному исчислению (ბიბ.ჩანაწერი № 48085)

000 -LEADER
fixed length control field 00574nam a2200205Ia 4500
001 - CONTROL NUMBER
control field 14965
003 - CONTROL NUMBER IDENTIFIER
control field GE_BSU
008 - FIXED-LENGTH DATA ELEMENTS--GENERAL INFORMATION
fixed length control field 181216s||||||||xx |||||||||||||| ||und||
040 ## - CATALOGING SOURCE
Transcribing agency GE_BSU
080 ## - UNIVERSAL DECIMAL CLASSIFICATION NUMBER
Universal Decimal Classification number 517.97
100 ## - MAIN ENTRY--PERSONAL NAME
Personal name Блисс,Г.А.
245 ## - TITLE STATEMENT
Title Лекции по вариационному исчислению
245 ## - TITLE STATEMENT
Statement of responsibility, etc. Под.ред.Л.Э.Эльгольца
260 ## - PUBLICATION, DISTRIBUTION, ETC.
Place of publication, distribution, etc. Москва
260 ## - PUBLICATION, DISTRIBUTION, ETC.
Name of publisher, distributor, etc. Наука
260 ## - PUBLICATION, DISTRIBUTION, ETC.
Date of publication, distribution, etc. 1950
300 ## - PHYSICAL DESCRIPTION
Extent 347стр.22см.
653 ## - INDEX TERM--UNCONTROLLED
Uncontrolled term Лекции по вариационному исчислению
942 ## - ADDED ENTRY ELEMENTS (KOHA)
Koha item type წიგნი
ეგზემპლარები
Withdrawn status Lost status Damaged status Not for loan Date acquired Barcode Date last seen Price effective from Koha item type
        2018-12-17 17372 2018-12-17 2018-12-17 წიგნი